000 00827nam a22002292 4500
001 0000009035
005 20151021151120.0
008 080717s xx 000 0 eng d
020 _a9966777121 :
_cDonation
040 _aKABU
_cKABU
245 1 0 _aParticipatory prioritization of issues in smallholder agricultural commercialization in Kenya /
_cJohn Omiti ... [et al].
260 _aNairobi :
_bKIPPRA,
_c2006.
300 _avi, 64 p.
650 0 _aAgriculture
_xEconomic aspects
_zKenya.
_@0000160766
650 0 _aFarmers
_zKenya.
_@0000160800
700 1 _aOmiti, John.
_@0000160801
908 _a080717
950 _@1
999 _c817
_d817